LIBRARY & INFORMATION CENTRE, KCAET, TAVANUR

ONLINE PUBLIC ACCESS CATALOGUE (OPAC)

Advances in soil science, Vol 7 / (Record no. 406)

MARC details
000 -LEADER
fixed length control field 00377cam a2200157ua 4500
003 - CONTROL NUMBER IDENTIFIER
control field OSt
008 - FIXED-LENGTH DATA ELEMENTS--GENERAL INFORMATION
fixed length control field 240203b |||||||| |||| 00| 0 eng d
041 ## - LANGUAGE CODE
Language code of text/sound track or separate title eng
082 ## - DEWEY DECIMAL CLASSIFICATION NUMBER
Classification number 631.4
Item number STE/AD
100 ## - MAIN ENTRY--AUTHOR NAME
Personal name Stewert, B A .
245 00 - TITLE STATEMENT
Title Advances in soil science, Vol 7 /
250 ## - EDITION STATEMENT
Edition statement /
260 ## - PUBLICATION, DISTRIBUTION, ETC. (IMPRINT)
Place of publication New York :
Name of publisher Springer Verlag ,
Year of publication 1987.
300 ## - PHYSICAL DESCRIPTION
Number of Pages 228 ; .
942 ## - ADDED ENTRY ELEMENTS (KOHA)
Koha item type Books
Holdings
Withdrawn status Lost status Damaged status Home library Current library Date acquired Full call number Accession Number Koha item type
      KAUAET KAUAET 07/04/2012 631.4 STE/AD 20521 Books
      KAUAET KAUAET 07/04/2012 631.4 STE/AD 19478 Books
free website counter